Juan Wesley : (Record no. 28669)

MARC details
000 -LEADER
campo de control de longitud fija 01132ntaaa2200277 4500
003 - IDENTIFICADOR DE NÚMERO DE CONTROL
campo de control 01
005 - FECHA Y HORA DE LA ÚLTIMA TRANSACCIÓN
campo de control 20251027203321.0
008 - DATOS DE LONGITUD FIJA--INFORMACIÓN GENERAL
campo de control de longitud fija 0714s1973 ag 01
020 ## - NÚMERO INTERNACIONAL ESTÁNDAR DEL LIBRO
Número Internacional Estándar del Libro 950551137X
040 ## - FUENTE DE CATALOGACIÓN
Centro catalogador/agencia de origen AR-BaBN
Lengua de catalogación spa
Centro/agencia transcriptor AR-BaBN
Normas de descripción aacr
Centro/agencia modificador RIC
082 ## - NÚMERO DE LA CLASIFICACIÓN DECIMAL DEWEY
Número de clasificación 922.742 G58
100 ## - ENTRADA PRINCIPAL--NOMBRE DE PERSONA
Nombre de persona González, Justo L.
9 (RLIN) 74
111 ## - ENTRADA PRINCIPAL--NOMBRE DE CONGRESO/REUNIÓN
Nombre de congreso/reunión o jurisdicción como elemento de entrada Cátedra Carnahan
Número del congreso/reunión o número de parte o sección 2003
Sede del congreso/Lugar de la reunión Instituto Universitario ISEDET, Buenos Aires
9 (RLIN) 36571
245 ## - MENCIÓN DEL TÍTULO
Título Juan Wesley :
Resto del título desafíos para nuestro siglo /
Mención de responsabilidad, etc. Justo L. González
260 ## - PUBLICACIÓN, DISTRIBUCIÓN, ETC.
Lugar de publicación, distribución, etc. Buenos Aires :
Nombre del editor, distribuidor, etc. FAIE,
Fecha de publicación, distribución, etc. 2004
300 ## - DESCRIPCIÓN FÍSICA
Extensión 138 p. ;
Dimensiones 22 x 15 cm
500 ## - NOTA GENERAL
Nota general Cátedra Carnahan 2003 Instituto Universitario ISEDET
505 ## - NOTA DE CONTENIDO CON FORMATO
Título La teología práctica de Juan Wesley, o: una teología a caballo
505 ## - NOTA DE CONTENIDO CON FORMATO
Título Wesley ante la política y la economía, o: ¿Por qué están tan caros los huevos?
505 ## - NOTA DE CONTENIDO CON FORMATO
Título El Espíritu Santo en la vida de Wesley, o: Pentencostés, si; entusiasmo, no
505 ## - NOTA DE CONTENIDO CON FORMATO
Título La tarea pastoral en la tradición wesleyana
505 ## - NOTA DE CONTENIDO CON FORMATO
Título Dos sermones de Juan Wesley: Reflexiones sobre la esclavitud y El espíritu católico
650 ## - PUNTO DE ACCESO ADICIONAL DE MATERIA--TÉRMINO DE MATERIA
Término de materia o nombre geográfico como elemento de entrada ARGENTINA
9 (RLIN) 4582
650 ## - PUNTO DE ACCESO ADICIONAL DE MATERIA--TÉRMINO DE MATERIA
Término de materia o nombre geográfico como elemento de entrada HISTORIA
9 (RLIN) 175
942 ## - ELEMENTOS DE ENTRADA SECUNDARIOS (KOHA)
Tipo de ítem Koha Colección General
Holdings
Estatus retirado Estado de pérdida Estado de daño No para préstamo Biblioteca de origen Biblioteca actual Fecha de adquisición Número de inventario Total de préstamos Signatura topográfica completa Código de barras Visto por última vez Precio de reemplazo Tipo de ítem Koha
        Biblioteca Pluis Biblioteca Pluis 27/10/2025 045155   922.742 G58 045155 27/10/2025 27/10/2025 Colección General